000 01889cam a22004214i 4500
003 PE-LiUPU
005 20250731172929.0
008 s1969 |r 000 0 eng d
035 _a(Sirsi) a204242
040 _aPE-LiUPU
_bspa
_cPE-LiUPU
_erda
049 _aPRUA
082 0 4 _a232.921
_bM12
_221
100 1 _aMachen, Gresham J.,
_eautor.
245 1 4 _aThe virgin birth of christ /
_cJ. Gresham Machen, D.D., Litt. D.
264 1 _aMichigan :
_bBAKER,
_c1930.
300 _a415 páginas ;
_c20 centímetros.
336 _atext
_2rdacontent
337 _aunmediated
_2rdamedia
338 _avolume
_2rdacarrier
505 2 _aThe virgin birth in the second century -- The birth narrative an original part of the third gospel -- Characteristics of the Lucan narrative -- the hymns of the first chapter of luke -- The origin and transmission of the lucan narrative -- The integrity of the lucan narrative -- The narrative in matthew -- The relation between the narratives -- The inherent credibility of the narratives -- The birth narratives and secular history -- The birth narratives andthe rest of the new testament -- Alternative theories: preliminary considerations --The theory of Jewish derivation -- The theory of pagan derivation -- Conclusion and consequences.
526 _aSEG42
526 _aSEG41
526 _aSEG40
526 _aSEG39
526 _aP94
526 _aP87
526 _aP86
526 _aP85
526 _aP77
526 _aP76
526 _aP35
650 0 4 _aCristo
_xNacimiento.
942 _2ddc
_cBOOK
994 _aC0
_bPEPRU
596 _a1
999 _a232.921 M12
_wLC
_c20611
_i76058
_f2021-11-11
_g4
_lCCODEBUL1
_mBUL
_p10.00
_r0
_sY
_tBOOK
_u2017-6-2
_xTEOLOGIA
_PP85
_0DONACION
_o.STAFF. Colección Teología
_d20611
980 _81
_gALBERTO SANCHEZ Responsable de Automatización